Beyond the abortion wars : (Record no. 126808)
[ view plain ]
| 000 -LEADER | |
|---|---|
| fixed length control field | 01522cam a2200301 i 4500 |
| 001 - CONTROL NUMBER | |
| control field | 18338090 |
| 003 - CONTROL NUMBER IDENTIFIER | |
| control field | ARRUPE |
| 005 - DATE AND TIME OF LATEST TRANSACTION | |
| control field | 20170829103631.0 |
| 008 - FIXED-LENGTH DATA ELEMENTS--GENERAL INFORMATION | |
| fixed length control field | 141017s2015 miu b 001 0 eng |
| 010 ## - LIBRARY OF CONGRESS CONTROL NUMBER | |
| LC control number | 2014041218 |
| 020 ## - INTERNATIONAL STANDARD BOOK NUMBER | |
| International Standard Book Number | 9780802871282 (cloth : alk. paper) |
| 040 ## - CATALOGING SOURCE | |
| Original cataloging agency | DLC |
| Language of cataloging | eng |
| Transcribing agency | DLC |
| Description conventions | rda |
| Modifying agency | DLC |
| 042 ## - AUTHENTICATION CODE | |
| Authentication code | pcc |
| 050 00 - LIBRARY OF CONGRESS CALL NUMBER | |
| Classification number | HQ767 |
| Item number | .C253 2015 |
| 082 00 - DEWEY DECIMAL CLASSIFICATION NUMBER | |
| Classification number | 305.42 |
| Edition number | 23 |
| 300 ## - PHYSICAL DESCRIPTION | |
| Dimensions | 24 cm |
| 100 1# - MAIN ENTRY--PERSONAL NAME | |
| Personal name | Camosy, Charles Christopher. |
| 9 (RLIN) | 35324 |
| 245 10 - TITLE STATEMENT | |
| Title | Beyond the abortion wars : |
| Remainder of title | a way forward for a new generation / |
| Statement of responsibility, etc | Charles C. Camosy. |
| 260 ## - PUBLICATION, DISTRIBUTION, ETC. (IMPRINT) | |
| Place of publication, distribution, etc | Michigan |
| Name of publisher, distributor, etc | William B. Eerdmans Publishing Company |
| Date of publication, distribution, etc | 2015 |
| 300 ## - PHYSICAL DESCRIPTION | |
| Extent | xiv, 207 p. ; |
| 504 ## - BIBLIOGRAPHY, ETC. NOTE | |
| Bibliography, etc | Includes bibliographical references and index. |
| 505 0# - FORMATTED CONTENTS NOTE | |
| Formatted contents note | Foreword / by Melinda Hennberger -- Preface and acknowledgments -- Introduction: is there anything left to say? -- Shifting abortion politics -- Who or what is the fetus? -- Aiming at death or ceasing to aid? -- The challenge of public policy -- Abortion and women -- A way forward -- Conclusion: beyond polarization -- Bibliography -- Index. |
| 650 #0 - SUBJECT ADDED ENTRY--TOPICAL TERM | |
| Topical term or geographic name as entry element | Abortion |
| General subdivision | Political aspects. |
| 9 (RLIN) | 35325 |
| 650 #0 - SUBJECT ADDED ENTRY--TOPICAL TERM | |
| Topical term or geographic name as entry element | Women's rights. |
| 9 (RLIN) | 9274 |
| 906 ## - LOCAL DATA ELEMENT F, LDF (RLIN) | |
| a | 7 |
| b | cbc |
| c | orignew |
| d | 1 |
| e | ecip |
| f | 20 |
| g | y-gencatlg |
| 942 ## - ADDED ENTRY ELEMENTS (KOHA) | |
| Source of classification or shelving scheme | Library of Congress Classification |
| Koha item type | Monograph ( Printed materials) |
| Withdrawn status | Lost status | Source of classification or shelving scheme | Damaged status | Not for loan | Collection code | Home library | Current library | Shelving location | Date acquired | Total Checkouts | Full call number | Barcode | Date last seen | Date checked out | Price effective from | Koha item type |
|---|---|---|---|---|---|---|---|---|---|---|---|---|---|---|---|---|
| Library of Congress Classification | Main Collection | ARRUPE LIBRARY | ARRUPE LIBRARY | Main Collection | 29/08/2017 | 7 | HQ767 .C253 2015 | 46500022282 | 14/04/2025 | 21/01/2025 | 29/08/2017 | Monograph ( Printed materials) |